[Event "ICS rated blitz match"]
[Site "204.178.125.65"]
[Date "1999.11.14"]
[Round "?"]
[White "Hossa"]
[Black "Amateur"]
[Result "1/2-1/2"]
[WhiteElo "2315"]
[BlackElo "2501"]
[PlyCount "185"]
[EventDate "1999.??.??"]

1. d4 Nf6 2. c4 e6 3. Nc3 d5 4. Bg5 Bb4 5. e3 Bxc3+ 6. bxc3 O-O 7. Nf3 Nbd7 8.
cxd5 exd5 9. Bd3 Nb6 10. Ne5 Be6 11. O-O h6 12. Bh4 Nbd7 13. Qb3 Qc8 14. Nxd7
Nxd7 15. Rab1 Nb6 16. Bg3 Qd7 17. a4 Rab8 18. Qc2 Rfd8 19. Bf4 Nc4 20. Bxc4
dxc4 21. e4 f5 22. f3 b6 23. Qa2 Rbc8 24. Bg3 Bf7 25. Rb5 fxe4 26. fxe4 Rf8 27.
Rbf5 Qe7 28. Qf2 Bg6 29. Rxf8+ Rxf8 30. Qxf8+ Qxf8 31. Rxf8+ Kxf8 32. Bxc7 Bxe4
33. Bb8 a6 34. Ba7 b5 35. Bc5+ Kf7 36. axb5 axb5 37. g4 g6 38. Kf2 Ke6 39. Kg3
Kd5 40. h4 Bc2 41. Kf4 h5 42. Bb4 hxg4 43. Kxg4 Bf5+ 44. Kg5 Bd3 45. Bf8 Bb1
46. Kf6 Bc2 47. Bb4 Bd3 48. Ke7 Bf5 49. Ba3 Bc2 50. Kd7 Bf5+ 51. Kc7 Be6 52.
Be7 Bf7 53. Kb6 Be8 54. Bc5 Bd7 55. Bf8 Be8 56. Ba3 Bd7 57. Ka5 Kc6 58. Bb2 Bf5
59. Kb4 Bc2 60. Ba3 Be4 61. Bc1 Bc2 62. Be3 Be4 63. Bg5 Bc2 64. Bd2 Be4 65. Be3
Bc2 66. Bh6 Be4 67. Bd2 Bc2 68. Bc1 Be4 69. Bh6 Bf5 70. Bc1 Bc2 71. Be3 Be4 72.
Bg5 Bc2 73. Bf4 Be4 74. Be5 Kb6 75. Bf4 Kc6 76. Be5 Kb6 77. Bd6 Kc6 78. Be7 Bd3
79. Bf6 Bc2 80. Bg5 Be4 81. Bf4 Bc2 82. Bh2 Be4 83. Bb8 Bd3 84. Be5 Bc2 85. Bf6
Be4 86. Bg7 Bd3 87. Bf8 Bc2 88. Ka5 Be4 89. Bg7 Bc2 90. Be5 Be4 91. Bg3 Bc2 92.
Kb4 Be4 93. Be5 {Game drawn by repetition} 1/2-1/2

[Event "ICS rated blitz match"]
[Site "204.178.125.65"]
[Date "1999.11.14"]
[Round "?"]
[White "Zippy"]
[Black "Hossa"]
[Result "1-0"]
[WhiteElo "2285"]
[BlackElo "2323"]
[PlyCount "115"]
[EventDate "1999.??.??"]

1. e4 e6 2. d4 c5 3. d5 exd5 4. exd5 d6 5. Nf3 Nd7 6. Be2 Be7 7. O-O Ngf6 8.
Re1 O-O 9. Nc3 Ne5 10. Nxe5 dxe5 11. Bd3 Bd6 12. f3 a6 13. Bg5 h6 14. Bxf6 gxf6
15. Qc1 Kg7 16. Ne4 Bc7 17. Ng3 Rh8 18. c4 Ba5 19. Re4 Bc7 20. b3 Bd6 21. Rh4
f5 22. Bxf5 Qxh4 23. Bxc8 Qd4+ 24. Kh1 Raxc8 25. Nf5+ Kg8 26. Nxd4 cxd4 27. Qc2
Kg7 28. Qf5 Rcd8 29. c5 Bxc5 30. Qxe5+ Kg6 31. Rc1 Ba3 32. Rc7 Bd6 33. Qe4+ Kf6
34. Rxb7 Rhe8 35. Qxd4+ Kg6 36. Qg4+ Kf6 37. Qh4+ Kg7 38. Ra7 Re5 39. g3 Re1+
40. Kg2 Bc5 41. Rxa6 Re2+ 42. Kh3 Rd6 43. Qg4+ Kh7 44. Ra8 Rg6 45. Qc4 Rf2 46.
Qxc5 Rxf3 47. Qf8 Rg7 48. d6 Rd3 49. Ra7 Rd5 50. Rxf7 Rh5+ 51. Kg2 Rhg5 52. d7
Rxf7 53. Qxf7+ Rg7 54. Qf5+ Kh8 55. d8=Q+ Rg8 56. Qd4+ Rg7 57. Qfe5 h5 58.
Qxg7# {Hossa checkmated} 1-0

[Event "ICS rated blitz match"]
[Site "204.178.125.65"]
[Date "1999.11.14"]
[Round "?"]
[White "Hossa"]
[Black "Zippy"]
[Result "1-0"]
[WhiteElo "2305"]
[BlackElo "2303"]
[PlyCount "143"]
[EventDate "1999.??.??"]

1. e4 c5 2. c3 d5 3. exd5 Qxd5 4. d4 e6 5. Nf3 Nf6 6. Bd3 cxd4 7. cxd4 Nc6 8.
Nc3 Bb4 9. a3 Qa5 10. Bd2 Be7 11. O-O Qh5 12. b4 Bd6 13. Nb5 Bb8 14. Rc1 a6 15.
Rc5 Bxh2+ 16. Nxh2 Qxd1 17. Nd6+ Kd7 18. Rxd1 Kxd6 19. Nf3 Ke7 20. Bg5 h6 21.
Bxf6+ Kxf6 22. Be4 a5 23. Bxc6 axb4 24. Be4 bxa3 25. Rc7 a2 26. Ra1 g5 27. Ne5
Rf8 28. Bxb7 Bxb7 29. Nd7+ Kg7 30. Nxf8 Bd5 31. Nd7 Ra4 32. Ne5 Rxd4 33. Rxf7+
Kg8 34. Ra7 Re4 35. Nf7 Kf8 36. Rc1 Rc4 37. Rxc4 Bxc4 38. Nxh6 Ke8 39. Ng4 Bb3
40. Nf6+ Kd8 41. Ne4 Kc8 42. Nc3 Kb8 43. Ra3 Bc4 44. Nxa2 Kb7 45. Nc1 Kc6 46.
Rg3 e5 47. Rxg5 Kd6 48. g4 Ke6 49. Rh5 Kf6 50. Kg2 e4 51. Kg3 Bf7 52. Ra5 Ke6
53. Kf4 Bg6 54. Ra6+ Kf7 55. Kg5 Bh7 56. Ra7+ Kg8 57. Kf6 Kh8 58. Ra8+ Bg8 59.
Kg6 e3 60. Nd3 exf2 61. Rxg8+ Kxg8 62. Nxf2 Kf8 63. Kf6 Kg8 64. Ne4 Kf8 65. Nd6
Kg8 66. g5 Kf8 67. g6 Kg8 68. g7 Kh7 69. Kf7 Kh6 70. g8=Q Kh5 71. Qg3 Kh6 72.
Qh4# {Zippy checkmated} 1-0

[Event "ICS rated blitz match"]
[Site "204.178.125.65"]
[Date "1999.11.14"]
[Round "?"]
[White "Zippy"]
[Black "Hossa"]
[Result "0-1"]
[WhiteElo "2287"]
[BlackElo "2321"]
[PlyCount "108"]
[EventDate "1999.??.??"]

1. e4 e5 2. Nf3 Nc6 3. d4 exd4 4. c3 dxc3 5. Nxc3 Nf6 6. Bc4 Bc5 7. O-O d6 8.
Bg5 h6 9. Bxf6 Qxf6 10. Nd5 Qd8 11. b4 Bb6 12. Nxb6 axb6 13. a3 O-O 14. Nd4
Nxd4 15. Qxd4 Bd7 16. f4 Re8 17. Rf3 Bg4 18. Rg3 Qh4 19. Be2 h5 20. Bxg4 hxg4
21. Rc1 Re7 22. Qc4 Rae8 23. Re1 c6 24. Qd4 d5 25. e5 b5 26. Qd3 Re6 27. Qf5
Rh6 28. Qd7 Qxh2+ 29. Kf2 Rhe6 30. Rxg4 Qh5 31. Rg3 R6e7 32. Qh3 Qxh3 33. Rxh3
f6 34. Rhe3 Re6 35. exf6 Rxe3 36. Rxe3 Rxe3 37. Kxe3 gxf6 38. g4 Kf7 39. Kd4 b6
40. Ke3 c5 41. Kd3 d4 42. f5 Ke7 43. Ke2 c4 44. Kd1 Kd6 45. Ke2 Kd5 46. Kf2 c3
47. Ke2 Kc4 48. Kd1 Kd3 49. Kc1 c2 50. Kb2 Kd2 51. a4 c1=Q+ 52. Kb3 Qc2+ 53.
Ka3 bxa4 54. g5 54... Qb3# {Zippy checkmated} 0-1

[Event "ICS rated blitz match"]
[Site "204.178.125.65"]
[Date "1999.11.14"]
[Round "?"]
[White "Hossa"]
[Black "Zippy"]
[Result "0-1"]
[WhiteElo "2335"]
[BlackElo "2273"]
[PlyCount "112"]
[EventDate "1999.??.??"]

1. e4 e6 2. d4 d5 3. Nc3 Bb4 4. e5 Ne7 5. Bd3 c5 6. a3 cxd4 7. axb4 dxc3 8.
bxc3 Qc7 9. Ne2 Nbc6 10. f4 Qb6 11. Bd2 Bd7 12. b5 Na5 13. Nd4 Nc4 14. Bxc4
dxc4 15. Be3 Nd5 16. Bf2 Nxc3 17. Qg4 Ne4 18. Qxg7 O-O-O 19. Be3 Rdg8 20. Qxf7
Rxg2 21. Nf5 Qxb5 22. Kf1 Rg4 23. Ne7+ Kc7 24. Ke2 Qb2 25. Kf3 Qxc2 26. Kxg4
Qe2+ 27. Kh4 Qxe3 28. Rhf1 Qe2 29. Kh3 Nf2+ 30. Kg3 h5 31. h4 Ne4+ 32. Kh3 Qg4+
33. Kh2 Qxh4+ 34. Kg1 Qg4+ 35. Kh1 Ng3+ 36. Kh2 Nxf1+ 37. Rxf1 c3 38. Qf6 Rh7
39. Rg1 c2 40. Nd5+ exd5 41. Qd6+ Kd8 42. Qf8+ Be8 43. Qf6+ Kc8 44. Qg5 Rg7 45.
Qxg4+ Rxg4 46. Rc1 Bg6 47. e6 Bf5 48. e7 Kd7 49. Re1 Ke8 50. Rc1 d4 51. Re1 d3
52. Rf1 d2 53. Rg1 d1=Q 54. Rxg4 Qxg4 55. Kh1 Qe2 56. Kg1 56... c1=Q# {
Hossa checkmated} 0-1

[Event "ICS rated bullet match"]
[Site "204.178.125.65"]
[Date "1999.11.14"]
[Round "?"]
[White "vovan"]
[Black "Hossa"]
[Result "0-1"]
[WhiteElo "2141"]
[BlackElo "2468"]
[PlyCount "49"]
[EventDate "1999.??.??"]

1. d4 Nf6 2. c4 e6 3. Nc3 d5 4. cxd5 exd5 5. Bg5 Be7 6. e3 O-O 7. Bd3 c6 8. Qc2
Nbd7 9. Nge2 c5 10. O-O cxd4 11. Nxd4 h6 12. Bf4 Nc5 13. Be2 Ne6 14. Bg3 Nxd4
15. exd4 Be6 16. Bf3 Rc8 17. Rfe1 Qb6 18. Qb3 Bb4 19. Rac1 Qxd4 20. Be5 Qb6 21.
Bxf6 gxf6 22. Red1 Bxc3 23. Rxc3 Qxb3 24. Rxb3 b6 25. Bxd5 {vovan resigns} 0-1

[Event "ICS unrated blitz match"]
[Site "204.178.125.65"]
[Date "1999.11.14"]
[Round "?"]
[White "Hossa"]
[Black "Moron"]
[Result "0-1"]
[WhiteElo "2317"]
[BlackElo "2738"]
[PlyCount "124"]
[EventDate "1999.??.??"]

1. e4 c5 2. c3 d5 3. exd5 Qxd5 4. d4 Nf6 5. Nf3 Nc6 6. Be2 cxd4 7. cxd4 e6 8.
O-O Be7 9. Nc3 Qd6 10. Be3 O-O 11. Rc1 b6 12. Nb5 Qd7 13. Ne5 Nxe5 14. Rc7 Qd8
15. dxe5 Nd5 16. Rxa7 Rxa7 17. Nxa7 Bb7 18. Nb5 Nxe3 19. fxe3 Bc5 20. Qxd8
Bxe3+ 21. Kh1 Rxd8 22. Nd6 Bd5 23. Nxf7 Rc8 24. Bd3 Bxa2 25. Nd6 Rc5 26. b4 Rc3
27. Be4 Bf4 28. Nb5 Re3 29. Bc6 Bxe5 30. Kg1 Rb3 31. Re1 Bf6 32. Re4 Rb2 33.
Nc7 Kf7 34. Be8+ Ke7 35. Ba4 Bc3 36. b5 Kd6 37. Na6 Bd5 38. Rg4 h5 39. Rf4 g5
40. Rf8 Bd4+ 41. Kf1 Bc4+ 42. Ke1 Ra2 43. Rd8+ Ke5 44. Rxd4 Kxd4 45. Bd1 Ke3
46. Nb4 Rxg2 47. Nc2+ Kd3 48. Nb4+ Kc3 49. Bf3 Rg1+ 50. Kf2 Rf1+ 51. Kg2 Rxf3
52. Kxf3 Kxb4 53. Ke4 Kc5 54. Ke5 h4 55. Kf6 g4 56. Kg5 g3 57. h3 g2 58. Kxh4
g1=Q 59. Kh5 e5 60. Kh4 Qe3 61. Kg4 Qf4+ 62. Kh5 62... Bf7# {Hossa checkmated}
0-1

[Event "ICS rated blitz match"]
[Site "204.178.125.65"]
[Date "1999.11.14"]
[Round "?"]
[White "prg3"]
[Black "Hossa"]
[Result "0-1"]
[WhiteElo "2135"]
[BlackElo "2317"]
[PlyCount "48"]
[EventDate "1999.??.??"]

1. d4 Nf6 2. Nf3 e6 3. g3 d5 4. Bg2 Bd6 5. O-O O-O 6. b3 c5 7. Bb2 cxd4 8. Nxd4
Nc6 9. Nd2 e5 10. Nb5 Bc5 11. c4 d4 12. Ne4 Nxe4 13. Bxe4 Bh3 14. Bg2 Bxg2 15.
Kxg2 Qe7 16. a4 a6 17. Na3 Qe6 18. Nc2 Na5 19. Ne1 Qb6 20. Nd3 Qxb3 21. Nxc5
Qxb2 22. Rb1 Qa2 23. Nxb7 Nxc4 24. Qb3 24... Qxb3 {prg3 resigns} 0-1

[Event "ICS rated blitz match"]
[Site "204.178.125.65"]
[Date "1999.11.14"]
[Round "?"]
[White "prg3"]
[Black "Hossa"]
[Result "1/2-1/2"]
[WhiteElo "2119"]
[BlackElo "2333"]
[PlyCount "80"]
[EventDate "1999.??.??"]

1. d4 Nf6 2. c4 e6 3. Nc3 d5 4. Bg5 Bb4 5. Nf3 dxc4 6. e3 b5 7. Be2 Ba6 8. O-O
h6 9. Bh4 g5 10. Bg3 Nc6 11. Ne5 Nxe5 12. Bxe5 O-O 13. f4 Nd7 14. fxg5 Nxe5 15.
dxe5 Qxg5 16. Rf3 Qxe5 17. Rg3+ Kh8 18. Bf3 Qxe3+ 19. Kh1 Rad8 20. Qf1 Bxc3 21.
bxc3 Qxc3 22. Bb7 Qxg3 23. hxg3 Bxb7 24. Qf6+ Kh7 25. g4 Rd2 26. Rg1 Rxa2 27.
Kh2 Be4 28. Kg3 a5 29. g5 h5 30. Qh6+ Kg8 31. Qxh5 Ra3+ 32. Kf4 Bg6 33. Qh6 Rd8
34. Rh1 e5+ 35. Kxe5 Re3+ 36. Kf4 Re4+ 37. Kf3 Rd3+ 38. Kf2 Rd2+ 39. Kf3 Rd3+
40. Kf2 40... Rd2+ {Game drawn by mutual agreement} 1/2-1/2

[Event "ICS rated blitz match"]
[Site "204.178.125.65"]
[Date "1999.11.14"]
[Round "?"]
[White "Hossa"]
[Black "prg3"]
[Result "1-0"]
[WhiteElo "2339"]
[BlackElo "2113"]
[PlyCount "67"]
[EventDate "1999.??.??"]

1. d4 d5 2. c4 c6 3. Nc3 Nf6 4. Nf3 dxc4 5. a4 Bf5 6. e3 e6 7. Bxc4 Be7 8. O-O
O-O 9. Re1 Ne4 10. Nd2 Nxd2 11. Bxd2 a5 12. Bc1 Nd7 13. e4 Bg6 14. Bf4 Nb6 15.
Bb3 Bd6 16. Bg3 Bxg3 17. fxg3 Qd7 18. h4 h6 19. Re3 Rfd8 20. h5 Bh7 21. Ne2 Kh8
22. Qf1 f6 23. Qf4 Bg8 24. Rc1 Bf7 25. g4 Qd6 26. e5 Qe7 27. Rf1 Nd7 28. exf6
Nxf6 29. g5 hxg5 30. Qxg5 Bg8 31. h6 Nd5 32. hxg7+ Qxg7 33. Qh5+ Bh7 34. Rg3 {
prg3 resigns} 1-0

[Event "ICS rated blitz match"]
[Site "204.178.125.65"]
[Date "1999.11.14"]
[Round "?"]
[White "prg3"]
[Black "Hossa"]
[Result "1/2-1/2"]
[WhiteElo "2106"]
[BlackElo "2346"]
[PlyCount "56"]
[EventDate "1999.??.??"]

1. d4 Nf6 2. c4 e6 3. Nc3 d5 4. Bg5 Bb4 5. e3 Bxc3+ 6. bxc3 O-O 7. Nf3 Nbd7 8.
Bd3 c6 9. O-O b6 10. Rc1 Ba6 11. cxd5 Bxd3 12. Qxd3 cxd5 13. c4 Re8 14. cxd5
exd5 15. Rc6 Rc8 16. Rfc1 Rxc6 17. Rxc6 Re6 18. Qc2 Rxc6 19. Qxc6 h6 20. Bxf6
Nxf6 21. Ne5 Qe7 22. h3 Kh7 23. a4 g6 24. Kh2 h5 25. f3 g5 26. Kg1 Kg7 27. Kh2
Kh7 28. Kg1 28... Kg7 {Game drawn by mutual agreement} 1/2-1/2

[Event "ICS rated blitz match"]
[Site "204.178.125.65"]
[Date "1999.11.14"]
[Round "?"]
[White "Hossa"]
[Black "PostModernist"]
[Result "0-1"]
[WhiteElo "2336"]
[BlackElo "2554"]
[PlyCount "70"]
[EventDate "1999.??.??"]

1. d4 Nf6 2. c4 e6 3. Nf3 d5 4. cxd5 exd5 5. Nc3 Bb4 6. Bg5 O-O 7. e3 Nbd7 8.
Bd3 b6 9. Bb5 Nb8 10. a3 Bxc3+ 11. bxc3 c6 12. Bd3 Qd6 13. c4 Ba6 14. Ne5 dxc4
15. Bxc4 Bxc4 16. Nxc4 Qd5 17. Bxf6 Qxc4 18. Rc1 Qa6 19. Qg4 Qa5+ 20. Kd1 g6
21. Ra1 Re8 22. Kc2 Qa4+ 23. Kc1 c5 24. Qf3 Nd7 25. Kd2 Nxf6 26. Qxf6 cxd4 27.
exd4 Qa5+ 28. Kd1 Qc3 29. Qf3 Qxa1+ 30. Kc2 Qa2+ 31. Kd1 Rac8 32. Qe3 Qc2+ 33.
Ke1 Rxe3+ 34. fxe3 Qb2 35. d5 35... Rc1# {Hossa checkmated} 0-1

[Event "ICS rated blitz match"]
[Site "204.178.125.65"]
[Date "1999.11.14"]
[Round "?"]
[White "PostModernist"]
[Black "Hossa"]
[Result "0-1"]
[WhiteElo "2561"]
[BlackElo "2329"]
[PlyCount "136"]
[EventDate "1999.??.??"]

1. c4 Nf6 2. Nc3 d5 3. d4 dxc4 4. Nf3 c6 5. a4 c5 6. e3 Nc6 7. Bxc4 cxd4 8.
Nxd4 e5 9. Nxc6 Qxd1+ 10. Nxd1 bxc6 11. O-O Bb4 12. Nc3 O-O 13. Rd1 Bf5 14. Bd2
Rab8 15. Rac1 Rfd8 16. Be1 a5 17. b3 Rxd1 18. Rxd1 g5 19. h3 h5 20. f3 Bc2 21.
Rc1 Bg6 22. Bg3 Nd7 23. Bf2 Nb6 24. Be2 Ba3 25. Re1 Nd7 26. Bc4 Bc2 27. Nb1 Bb2
28. Nd2 Nc5 29. f4 g4 30. fxe5 Nxb3 31. Bxb3 Bxb3 32. Nxb3 Rxb3 33. Rb1 gxh3
34. gxh3 Rb4 35. Be1 Bc3 36. Rxb4 Bxb4 37. Kf2 c5 38. Ke2 Bxe1 39. Kxe1 Kg7 40.
Kf2 Kg6 41. e4 Kg5 42. Kg3 h4+ 43. Kf3 c4 44. Ke3 c3 45. Kd3 Kf4 46. Kxc3 Kg3
47. Kc4 Kxh3 48. Kd5 Kg3 49. e6 fxe6+ 50. Kxe6 h3 51. e5 h2 52. Kd6 h1=Q 53. e6
Qd1+ 54. Kc7 Qxa4 55. Kd8 Qe4 56. e7 Qxe7+ 57. Kxe7 a4 58. Kd6 a3 59. Kc5 Kf3
60. Kc6 a2 61. Kd6 a1=Q 62. Kc5 Ke4 63. Kc6 Ke5 64. Kc5 Qa4 65. Kb6 Kd6 66. Kb7
Qa5 67. Kb8 Kc6 68. Kc8 68... Qa8# {PostModernist checkmated} 0-1

[Event "ICS rated blitz match"]
[Site "204.178.125.65"]
[Date "1999.11.14"]
[Round "?"]
[White "Hossa"]
[Black "Zippy"]
[Result "0-1"]
[WhiteElo "2354"]
[BlackElo "2277"]
[PlyCount "122"]
[EventDate "1999.??.??"]

1. d4 Nf6 2. c4 g6 3. Nc3 d5 4. Bf4 Bg7 5. e3 c5 6. dxc5 Bg4 7. Nge2 Na6 8.
cxd5 Nxc5 9. f3 Bd7 10. e4 Rc8 11. Be3 Qc7 12. a3 b6 13. b4 Nb7 14. Rc1 O-O 15.
Bg5 Qd6 16. Qd2 a5 17. Bf4 e5 18. Bh6 Bxh6 19. Qxh6 axb4 20. axb4 Qxb4 21. Kf2
Rc4 22. g3 Rfc8 23. Na2 Qa3 24. Rxc4 Rxc4 25. Qe3 Qxa2 26. Qxb6 Nxe4+ 27. fxe4
Bc8 28. Bg2 Nc5 29. Qb1 Qa7 30. Kf1 Ra4 31. Bf3 Ra1 32. Kg2 Rxb1 33. Rxb1 f5
34. Rc1 fxe4 35. Bxe4 Bb7 36. Bf3 Nd3 37. Rf1 Qe3 38. h4 h5 39. Ng1 Ne1+ 40.
Kh3 Ba6 41. Rxe1 Qd2 42. Re2 Bxe2 43. Bxe2 Qxd5 44. Kh2 Kf7 45. Nf3 Qa2 46. Ng1
Kf6 47. Kg2 e4 48. Kf1 Qd2 49. Nh3 Qe3 50. Nf2 Kf5 51. Nh1 Qc1+ 52. Kg2 e3 53.
Bf3 Qe1 54. Kh2 e2 55. Bd5 Qd2 56. g4+ Ke5 57. Kh3 hxg4+ 58. Kxg4 e1=Q 59. Nf2
Qg1+ 60. Kh3 Qe3+ 61. Bf3 61... Qxf3# {Hossa checkmated} 0-1

[Event "ICS rated bullet match"]
[Site "204.178.125.65"]
[Date "1999.11.14"]
[Round "?"]
[White "Hossa"]
[Black "JSBach"]
[Result "1-0"]
[WhiteElo "2468"]
[BlackElo "2093"]
[PlyCount "141"]
[EventDate "1999.??.??"]

1. d4 d5 2. c4 dxc4 3. e4 Nf6 4. e5 Nd5 5. Bxc4 e6 6. Nf3 Bd7 7. Bg5 Bb4+ 8.
Nbd2 f6 9. exf6 gxf6 10. Bh6 Bc6 11. a3 Bd6 12. O-O Qe7 13. Qe2 Nd7 14. Rae1 e5
15. dxe5 fxe5 16. Nd4 Qh4 17. Nf5 Qf6 18. Qg4 Qg6 19. Ng7+ Kd8 20. Ne6+ Kc8 21.
Qxg6 hxg6 22. Bg5 N7b6 23. Be2 Bd7 24. Bg4 Re8 25. Ng7 Rh8 26. Bxd7+ Nxd7 27.
Ne4 Kb8 28. Rd1 N7b6 29. Rfe1 Rf8 30. Re2 Rf7 31. Ne6 Be7 32. Bxe7 Nxe7 33.
Rd8+ Nbc8 34. N4c5 a6 35. Nd7+ Ka7 36. Nxe5 Rf6 37. Nd7 Rf5 38. Nxc7 Nc6 39.
Rde8 Nb6 40. Nxa8 Nxd7 41. Nc7 Nf6 42. Rc8 Rc5 43. Re1 Rc2 44. Rf8 Nh5 45. g4
Rxb2 46. gxh5 gxh5 47. Ra8+ Kb6 48. Rc8 h4 49. Kg2 Ka7 50. Re4 Rb3 51. Re3 Rb2
52. Rh8 Nd4 53. Ra8+ Kb6 54. Nxa6 Rd2 55. Nb4 Kc5 56. Rh8 Nb5 57. Re5+ Kb6 58.
Rh6+ Nd6 59. Rxh4 Nf7 60. Re7 Nd8 61. Rhe4 Kb5 62. h4 Ka4 63. Nc6+ Kxa3 64.
Nxd8 Rxd8 65. Rxb7 Rg8+ 66. Kh3 Rg1 67. Re8 Rh1+ 68. Kg4 Rg1+ 69. Kh5 Rg8 70.
Rxg8 Ka4 71. Ra8# {JSBach checkmated} 1-0

[Event "ICS rated blitz match"]
[Site "204.178.125.65"]
[Date "1999.11.14"]
[Round "?"]
[White "Hossa"]
[Black "Ebbi"]
[Result "0-1"]
[WhiteElo "2350"]
[BlackElo "2739"]
[PlyCount "136"]
[EventDate "1999.??.??"]

1. d4 e6 2. Nf3 d5 3. e3 Nf6 4. Nbd2 c5 5. c3 Nc6 6. Bd3 Bd6 7. O-O O-O 8. e4
cxd4 9. cxd4 Nb4 10. Bb1 dxe4 11. Nxe4 Be7 12. Bg5 Nfd5 13. Qd2 Bxg5 14. Nexg5
h6 15. Ne4 b6 16. Rc1 Bb7 17. Ne5 a5 18. a3 Na6 19. Qd1 f6 20. Ng6 Re8 21. Qe2
f5 22. Ne5 Rb8 23. Nc3 Qg5 24. Qf1 Nf4 25. f3 Nxg2 26. Kf2 Qd2+ 27. Ne2 Nf4 28.
Rd1 Qxe2+ 29. Qxe2 Nxe2 30. Kxe2 Rbc8 31. Ke3 Nc7 32. Rg1 Red8 33. Ba2 Bd5 34.
Ng6 Kf7 35. Ne5+ Kf8 36. Ng6+ Ke8 37. Bxd5 Nxd5+ 38. Kd3 Rc6 39. Ne5 Rc7 40. h4
Rdc8 41. Rab1 Kf8 42. Ng6+ Kf7 43. Ne5+ Kg8 44. Rbd1 b5 45. Rg3 b4 46. Ra1 bxa3
47. Rxa3 Nb4+ 48. Ke2 Rc2+ 49. Ke3 Nd5+ 50. Kd3 Rxb2 51. Ng6 Rc1 52. Ne7+ Nxe7
53. Rxa5 Nc6 54. Ra8+ Kf7 55. d5 Ne5+ 56. Ke3 Rc3+ 57. Kd4 Rd3+ 58. Kxe5 Rxd5+
59. Kf4 Rb4+ 60. Ke3 f4+ 61. Kf2 Rb2+ 62. Ke1 fxg3 63. Ra7+ Kf6 64. Rb7 Rxb7
65. Ke2 Rb2+ 66. Ke3 Kf5 67. h5 Rbd2 68. f4 68... R5d3# {Hossa checkmated} 0-1

[Event "ICS rated blitz match"]
[Site "204.178.125.65"]
[Date "1999.11.14"]
[Round "?"]
[White "marcske"]
[Black "Hossa"]
[Result "0-1"]
[WhiteElo "2244"]
[BlackElo "2349"]
[PlyCount "74"]
[EventDate "1999.??.??"]

1. d4 Nf6 2. c4 e6 3. Nc3 d5 4. Nf3 Bb4 5. e3 Ne4 6. Bd2 Nxd2 7. Qxd2 O-O 8.
Bd3 dxc4 9. Bxc4 Nd7 10. O-O e5 11. Qc2 exd4 12. exd4 g6 13. a3 Bd6 14. Nb5 Bf4
15. g3 a6 16. Nc3 Bd6 17. Ne4 Be7 18. Ne5 Nb6 19. Rad1 Nxc4 20. Qxc4 Be6 21. d5
Bh3 22. Rfe1 Rc8 23. Nc5 Bxc5 24. Qxc5 Qf6 25. f4 Qf5 26. Rd2 f6 27. Nf3 Rfe8
28. Rde2 Rxe2 29. Rxe2 c6 30. Rc2 Qd3 31. Kf2 Qf1+ 32. Ke3 Re8+ 33. Ne5 fxe5
34. f5 Bg4 35. dxc6 Qf3+ 36. Kd2 Rd8+ 37. Ke1 37... Rd1# {marcske checkmated}
0-1

[Event "ICS rated blitz match"]
[Site "204.178.125.65"]
[Date "1999.11.14"]
[Round "?"]
[White "Hossa"]
[Black "marcske"]
[Result "1-0"]
[WhiteElo "2360"]
[BlackElo "2233"]
[PlyCount "79"]
[EventDate "1999.??.??"]

1. d4 c5 2. dxc5 e6 3. Nc3 Bxc5 4. Ne4 Bb4+ 5. c3 Be7 6. Nd6+ Bxd6 7. Qxd6 Qe7
8. Bf4 Qxd6 9. Bxd6 Ne7 10. e4 Nbc6 11. Nf3 a6 12. Be2 b6 13. O-O Bb7 14. c4
Nc8 15. Rad1 Nxd6 16. Rxd6 Ne7 17. Rfd1 Bxe4 18. Ne5 O-O 19. Nxd7 Rfe8 20. Nxb6
Rab8 21. c5 Nd5 22. Bxa6 Nxb6 23. cxb6 Bd5 24. Ra1 Kf8 25. Bb5 Rec8 26. b4 Ke7
27. Rd7+ Kf6 28. Rc7 Rd8 29. a4 Rxb6 30. Rd1 Rdb8 31. Rd4 Ke5 32. Rh4 R8b7 33.
Rxb7 Rxb7 34. Rxh7 g5 35. Rh5 Kf4 36. h4 g4 37. g3+ Kf3 38. Re5 Be4 39. Kf1 f5
40. Be2# {marcske checkmated} 1-0

[Event "ICS rated blitz match"]
[Site "204.178.125.65"]
[Date "1999.11.14"]
[Round "?"]
[White "Varguz"]
[Black "Hossa"]
[Result "1-0"]
[WhiteElo "2792"]
[BlackElo "2370"]
[PlyCount "125"]
[EventDate "1999.??.??"]

1. d4 Nf6 2. Bg5 e6 3. e4 h6 4. Bxf6 Qxf6 5. Nc3 Qd8 6. Nf3 d5 7. Be2 Be7 8.
O-O O-O 9. Bd3 c6 10. Ne2 c5 11. exd5 exd5 12. dxc5 Bxc5 13. Nf4 d4 14. Be4 Re8
15. Nd3 Bb6 16. Re1 Nc6 17. a3 Re7 18. Nb4 Nxb4 19. axb4 Be6 20. Qd3 Rc8 21.
Bh7+ Kh8 22. Bf5 Bxf5 23. Qxf5 Qd7 24. Qd3 Rce8 25. Rxe7 Rxe7 26. h3 Kg8 27.
Qd2 Qd5 28. c3 d3 29. Re1 Re4 30. Rd1 a6 31. Qxd3 Qxd3 32. Rxd3 Re2 33. Rd2
Bxf2+ 34. Kf1 Rxd2 35. Nxd2 Be3 36. Nb3 Bb6 37. Na5 Bxa5 38. bxa5 Kf8 39. Ke2
Ke7 40. Kd3 Kd6 41. Kd4 f5 42. b4 Ke7 43. Ke5 g6 44. g3 Kf7 45. c4 Ke7 46. b5
h5 47. h4 axb5 48. cxb5 Kd7 49. Kf6 Kc8 50. Kxg6 f4 51. gxf4 b6 52. axb6 Kb7
53. f5 Kxb6 54. Kxh5 Kc5 55. f6 Kd4 56. b6 Kd5 57. b7 Kc4 58. f7 Kd3 59. f8=Q
Kd4 60. Qe8 Kd5 61. b8=Q Kc5 62. Qee5+ Kc6 63. Qeb5# {Hossa checkmated} 1-0

[Event "ICS rated standard match"]
[Site "204.178.125.65"]
[Date "1999.11.14"]
[Round "?"]
[White "Hossa"]
[Black "nuts"]
[Result "0-1"]
[WhiteElo "2291"]
[BlackElo "2218"]
[PlyCount "120"]
[EventDate "1999.??.??"]

1. d4 d5 2. c4 e6 3. Nc3 c6 4. e3 Bd6 5. e4 dxe4 6. Nxe4 Bb4+ 7. Nc3 Nf6 8. a3
Bxc3+ 9. bxc3 c5 10. Ne2 O-O 11. Bg5 Nc6 12. d5 exd5 13. Bxf6 Qxf6 14. cxd5 Ne5
15. f4 Ng6 16. g3 Re8 17. Kf2 Bd7 18. Rb1 b5 19. h3 h5 20. Qd2 h4 21. g4 Re4
22. Bg2 Ra4 23. Rhe1 Nxf4 24. Nxf4 Rxf4+ 25. Kg1 Qd6 26. Qe3 Ra4 27. Qe7 Qxe7
28. Rxe7 Rd8 29. Ra1 Kf8 30. Re4 Rxe4 31. Bxe4 Re8 32. Re1 g6 33. Kf2 f5 34.
gxf5 gxf5 35. Bg2 Rxe1 36. Kxe1 Ke7 37. Ke2 Kd6 38. Kd3 a5 39. c4 Ke5 40. Bf1
b4 41. axb4 cxb4 42. Bg2 f4 43. c5 Bxh3 44. Bxh3 Kxd5 45. c6 Kxc6 46. Kc4 f3
47. Bf1 f2 48. Bh3 Kd6 49. Kb3 Ke5 50. Bf1 Kf4 51. Kc4 Kg3 52. Kb5 h3 53. Kxa5
h2 54. Kb6 h1=Q 55. Kc7 Qxf1 56. Kd8 Qd3+ 57. Kc7 f1=Q 58. Kc6 Qf6+ 59. Kb7
Qd7+ 60. Kb8 60... Qf8# {Hossa checkmated} 0-1

[Event "ICS rated standard match"]
[Site "204.178.125.65"]
[Date "1999.11.14"]
[Round "?"]
[White "janh"]
[Black "Hossa"]
[Result "1/2-1/2"]
[WhiteElo "2163"]
[BlackElo "2272"]
[PlyCount "110"]
[EventDate "1999.??.??"]

1. d4 d5 2. c4 e6 3. cxd5 exd5 4. Nc3 Nf6 5. Bg5 c6 6. Qc2 Bb4 7. e3 O-O 8. Bd3
h6 9. Bh4 Re8 10. Nf3 b6 11. O-O Be6 12. Ne5 c5 13. Bb5 Rf8 14. dxc5 Bxc5 15.
Nc6 Nxc6 16. Bxc6 Rc8 17. Bxf6 Qxf6 18. Bxd5 Bb4 19. Bxe6 fxe6 20. Rac1 Bxc3
21. bxc3 Rc5 22. Rfd1 Rf5 23. f3 Qh4 24. Rd4 Qg5 25. f4 Qe7 26. Rcd1 Qc5 27.
Qb3 R5f6 28. a3 Qh5 29. Rd6 Kh8 30. Rd8 Qc5 31. Rxf8+ Rxf8 32. Qxe6 Qxa3 33. c4
Qc3 34. g4 Ra8 35. h3 Qf6 36. Qxf6 gxf6 37. Rd7 Rc8 38. Kf2 a5 39. Rd6 Kg7 40.
Rxb6 Rxc4 41. Rb7+ Kg8 42. Ke2 a4 43. Kd3 Rc1 44. Ra7 Rh1 45. Ke4 Rxh3 46. Kf5
Rxe3 47. Rxa4 Rg3 48. Ra8+ Kf7 49. Ra7+ Kg8 50. Ra6 Kg7 51. Ra7+ Kg8 52. Ra8+
Kf7 53. Rh8 Kg7 54. Ra8 Kf7 55. Ra7+ 55... Kg8 {Game drawn by repetition}
1/2-1/2

[Event "ICS rated blitz match"]
[Site "204.178.125.65"]
[Date "1999.11.14"]
[Round "?"]
[White "Hossa"]
[Black "Kengtin"]
[Result "0-1"]
[WhiteElo "2367"]
[BlackElo "2119"]
[PlyCount "148"]
[EventDate "1999.??.??"]

1. d4 Nf6 2. Bg5 e6 3. e4 h6 4. Bxf6 Qxf6 5. Nc3 a6 6. Nf3 Bb4 7. a3 Bxc3+ 8.
bxc3 d6 9. e5 Qe7 10. Bd3 Nc6 11. exd6 cxd6 12. O-O d5 13. Re1 O-O 14. Qd2 Bd7
15. a4 Na5 16. Reb1 Rfc8 17. Ne5 Be8 18. Ra2 Rc7 19. Rb6 Rac8 20. c4 Nxc4 21.
Bxc4 dxc4 22. Qe2 Bc6 23. Qg4 Bd5 24. f4 c3 25. Ra1 Be4 26. Qe2 Bd5 27. Qg4 Qf6
28. Qg3 Qf5 29. Rc1 g5 30. Ng4 Kh7 31. Qh3 Qg6 32. Rf1 f5 33. Ne5 Qg7 34. Rf2
Rg8 35. fxg5 Qxg5 36. Rb1 Rcg7 37. g3 f4 38. Kf1 fxg3 39. hxg3 Qxg3 40. Qxg3
Rxg3 41. Ke2 Rg2 42. Rbf1 Rxf2+ 43. Rxf2 Rg2 44. Rxg2 Bxg2 45. Kd3 h5 46. Kxc3
h4 47. a5 h3 48. Ng4 Kg6 49. Nh2 Kg5 50. Kb4 Kf4 51. c4 Kg3 52. d5 exd5 53.
cxd5 Kxh2 54. d6 Bc6 55. Kc4 Kg3 56. Kc5 h2 57. Kb6 h1=Q 58. Kc7 Qh7+ 59. Kb6
Kf4 60. Kc5 Ke5 61. d7 Qxd7 62. Kc4 Qd4+ 63. Kb3 Bd5+ 64. Kc2 Ke4 65. Kc1 Ke3
66. Kc2 Qd3+ 67. Kc1 Qc3+ 68. Kb1 Be4+ 69. Ka2 Qxa5+ 70. Kb3 Kd3 71. Kb2 Qb4+
72. Kc1 Qd2+ 73. Kb1 Kc3+ 74. Ka1 74... Qb2# {Hossa checkmated} 0-1